Países comenzando con C - Muerte súbita en el mapa mundial - Estadísticas

Estadísticas generales
  • Esta prueba ha sido intentada 10.520 veces
  • La puntuación promedio es 11 de 18
Answers on the Grid
Answers color-coded by a green-red scale on the quiz's grid according to % correct below.
 
Estadísticas de respuestas
Respuesta % Correcto
Canadá
88%
Cuba, Colombia, Costa Rica
85%
Canadá
81%
Canadá
77%
Costa de Marfil, Camerún, Chad
76%
Canadá
71%
Canadá
70%
Croacia, Ciudad del Vaticano
66%
Chile, Colombia
65%
China, Corea del Norte, Corea del Sur
65%
Chile
62%
China
61%
China, Camboya
61%
China
46%
Chipre, Catar
40%
Cabo Verde
35%
Comoras
34%
China
30%
No se encontraron pruebas coincidentes
Distribución de puntuación
Porcentaje de gente con cada puntuación
Porcentaje por número respondido
Historial de tus puntuaciones
No has intentado esta prueba.